| 000 | 00823nam a2200253Ia 4500 | ||
|---|---|---|---|
| 008 | 130821s1998 sp gr spa | ||
| 020 | _a8437603374 | ||
| 040 |
_aCo-BoUCM _bspa |
||
| 041 | 0 | 0 | _aspa |
| 100 | 1 |
_aWilliams, Bernard _d1929- _9164616 |
|
| 245 | 1 | 0 |
_aIntroducción a la ética _cBernard Williams ; traducción de Manuel Jimenez Redondo |
| 250 | _a4a. ed. | ||
| 260 |
_aMadrid (España) _bCátedra _c1998 |
||
| 300 | _a110 páginas | ||
| 490 | _aColección Teorema | ||
| 650 | 0 | 4 |
_aÉtica _9195 |
| 650 | 0 | 4 |
_aFilosofía moderna _915835 |
| 650 | 0 | 4 |
_aRelatividad (Filosofía) _923482 |
| 650 | 0 | 4 |
_aSubjetividad _924894 |
| 700 | 1 |
_aJiménez Redondo, Manuel _etrad. _930381 |
|
| 765 | _aMorality an introducction to ethics | ||
| 942 |
_cLIBRO _a2 _e4 _mW721 _2DEWEY _h170 |
||
| 999 |
_c58125 _d58125 |
||